000 00535 a2200217 4500
001 065823
003 OSt
005 20210903163919.0
008
020 _a9788126517763
082 _a512.02
_bD89A
100 1 _aDummit, David S.
245 1 _aAbstract algebra
_cby David S. Dummit and Richard M. Foote
250 _a2nd ed.
260 _aIndia
_bWiley
_c2009
300 _a898p.
630 _aMathematics
690 _aAlgebra; Abstract
700 _aFoote, Richard M.
942 _2ddc
_cBK
999 _c137
_d137